Methods of studying plant water relations

Αποθηκεύτηκε σε:
Λεπτομέρειες βιβλιογραφικής εγγραφής
Κύριος συγγραφέας: Slavik, Bohdan
Μορφή: Βιβλίο
Γλώσσα:English
Δημοσίευση: Prague : Berlin : Acad. Publishing House of the Czechoslovak Acad. of Sciences, Springer, 1974
Σειρά:Ecological studies ; ; 9
Θέματα:
Ετικέτες: Προσθήκη ετικέτας
Δεν υπάρχουν, Καταχωρήστε ετικέτα πρώτοι!

MARC

LEADER 00000nam a2200000 i 4500
001 1/2117
008 950808s1974 eng d
020 |a 0-387-06686-1 
035 |l 10014703 
040 |a GR-MY-UA  |b gre  |e aacr 
041 0 |a eng 
082 0 |a 581.19212 
100 1 |a Slavik, Bohdan. 
245 1 0 |a Methods of studying plant water relations /  |c Bohdan Slavik 
260 |a Prague :   |a Berlin :   |b Acad. Publishing House of the Czechoslovak Acad. of Sciences,   |b Springer,   |c 1974 
300 |a xviii, 449 p.;  |b ill.;  |c 25 cm 
490 1 |a Ecological studies  |v ; 9 
500 |a A translation with revisions of Metody studia vodniho provozu rostlin 
504 |a Bibliography: p. [364]-414 
650 0 0 |a Plant-water relationships  |x Research. 
830 0 |a Ecological studies ;  |v ; 9 
852 |a INST  |b LESVOS  |e 19950808  |h 581.19212 SLA  |p 005100007484  |q 005100007484  |t BK  |y 0 
909 |a Λ  |b 019918